Čarovný Hont /

Saved in:
Bibliographic Details
Main Author: Kmeť, Martin (Author)
Other Authors: Adamovič, Arpád (Photographer), Anda, Róbert (Photographer)
Format: Book
Language:Slovak
English
Published: Banská Bystrica : CBS spol., s.r.o., 2019
Edition:1. vydanie
Subjects:
Tags: Add Tag
No Tags, Be the first to tag this record!

MARC

LEADER 00000nam a22000003a 4500
001 0075311
003 SK-STU
005 20190902113827.5
007 ta
008 190902s ----xo-----e------000-0-----d
020 |a 978-80-8144-212-4 
040 |a STU  |b slo 
041 0 |a slo  |a eng 
044 |a xo 
100 1 |a Kmeť, Martin  |4 aut 
245 1 0 |a Čarovný Hont /  |c aut. Martin Kmeť ; fotogr. Arpád Adamovič, Róbert Anda 
246 3 1 |a Magical Hont Region 
250 |a 1. vydanie 
260 |a Banská Bystrica :  |b CBS spol., s.r.o.,  |c 2019 
300 |a 160 s. 
650 0 7 |a banské regióny 
650 0 7 |a príroda 
650 0 7 |a architektúra 
650 0 7 |a kultúrna krajina 
650 0 7 |a mestá a obce 
700 1 |a Adamovič, Arpád  |4 pht 
700 1 |a Anda, Róbert  |4 pht 
996 |b 284AU08101  |c A* 11366/U  |l AA5150  |s P  |a 0  |w 0075311_0001